| 000 | 00625nam a22002057a 4500 | ||
|---|---|---|---|
| 003 | 0 | ||
| 005 | 20260117141707.0 | ||
| 008 | 260117b xxu||||| |||| 00| 0 eng d | ||
| 020 | _a978-1-4451-5199-1 | ||
| 050 |
_aER _bIw93 2017 |
||
| 082 |
_aER _bIw93 2017 |
||
| 100 | _aGraves, Sue | ||
| 245 |
_aI want to win! _cSue Graves |
||
| 260 |
_aLondon : _bFranklin Watts, _c2017. |
||
| 300 |
_a29 pages : _bcolored illustrations ; _c24 cm. |
||
| 650 |
_aCompetition (Psychology) _vPictorial works _xJuvenile fiction. |
||
| 650 |
_aCourtesy _vPictorial works _xJuvenile fiction. |
||
| 650 | _aChildren's stories. | ||
| 942 |
_2ddc _cBK |
||
| 999 |
_c368736 _d368736 |
||